[Event "Ch-Paris Int"]
[Site "Coubertin FRA"]
[Date "2009.07.07"]
[Round "4"]
[White "Zherebukh, Y."]
[Black "Brochet, P."]
[Result "1-0"]
[WhiteElo "2541"]
[BlackElo "2373"]
[PlyCount "107"]
[EventDate "2009.07.04"]
[EventType "swiss"]
[EventRounds "9"]
[EventCountry "FRA"]
[Source "Mark Crowther"]
[SourceDate "2009.07.13"]

1. d4 d5 2. c4 dxc4 3. e4 e5 4. Nf3 Bb4+ 5. Nc3 exd4 6. Qxd4 Qxd4 7. Nxd4 Nf6
8. f3 Bc5 9. Ndb5 Na6 10. Bf4 Be6 11. Nxc7+ Nxc7 12. Bxc7 O-O 13. O-O-O Rac8
14. Bf4 Rfd8 15. Be2 a6 16. Na4 Ba7 17. Bc7 Be3+ 18. Kb1 Rxd1+ 19. Rxd1 Nd7 20.
Bd6 b5 21. Nc3 Nb6 22. Bb4 Bf4 23. g3 Bc7 24. Bd6 g5 25. f4 Bd8 26. f5 Bd7 27.
g4 a5 28. a3 f6 29. e5 fxe5 30. Bf3 e4 31. Bxe4 Bc6 32. Bxc6 Rxc6 33. Ne4 h6
34. Bb4 axb4 35. Rxd8+ Kg7 36. axb4 Rc8 37. Rd6 Re8 38. Ng3 Na4 39. Nh5+ Kf8
40. Ng3 Re1+ 41. Kc2 Re3 42. Rxh6 Rb3 43. f6 Rxb2+ 44. Kc1 Rg2 45. Ne4 Rg1+ 46.
Kd2 Rxg4 47. Rh8+ Kf7 48. Rh7+ Kf8 49. Ke3 Nb6 50. Rh8+ Kf7 51. h3 Rg1 52. Rh7+
Kg8 53. Rg7+ Kh8 54. Kf2 1-0

[Event "Ch-Paris Int"]
[Site "Coubertin FRA"]
[Date "2009.07.07"]
[Round "4"]
[White "Shchekachev, A."]
[Black "Laurent, Ju"]
[Result "1-0"]
[WhiteElo "2530"]
[BlackElo "2320"]
[PlyCount "90"]
[EventDate "2009.07.04"]
[EventType "swiss"]
[EventRounds "9"]
[EventCountry "FRA"]
[Source "Mark Crowther"]
[SourceDate "2009.07.13"]

1. d4 Nf6 2. Nf3 e6 3. c4 c5 4. g3 cxd4 5. Nxd4 Bb4+ 6. Bd2 Be7 7. Bg2 Nc6 8.
Bf4 Nxd4 9. Qxd4 d6 10. Qd3 O-O 11. O-O Qc7 12. Nc3 a6 13. Rfd1 Rd8 14. h3 e5
15. Bg5 Be6 16. Bxf6 Bxf6 17. Nd5 Bxd5 18. Bxd5 Rab8 19. h4 g6 20. h5 Kg7 21.
Qe3 h6 22. Kg2 b5 23. cxb5 Rxb5 24. Rac1 Qe7 25. hxg6 fxg6 26. Rc2 Rc5 27. Rxc5
dxc5 28. Qe4 a5 29. b3 Rd7 30. Rd3 Qd8 31. Qc4 Qb6 32. a3 Rd8 33. Qe4 h5 34. e3
Rh8 35. Bc4 Rd8 36. Bd5 Rh8 37. Bc4 Rd8 38. Rxd8 Qxd8 39. Bd3 Qe8 40. Kf1 Qf7
41. Ke2 g5 42. Qh7+ Kf8 43. Qh6+ Ke7 44. Bc4 Qg7 45. Qxh5 Kd7 1-0

[Event "Ch-Paris Int"]
[Site "Coubertin FRA"]
[Date "2009.07.07"]
[Round "4"]
[White "Li, F."]
[Black "Aranovitch, E."]
[Result "0-1"]
[WhiteElo "2252"]
[BlackElo "2356"]
[PlyCount "72"]
[EventDate "2009.07.04"]
[EventType "swiss"]
[EventRounds "9"]
[EventCountry "FRA"]
[Source "Mark Crowther"]
[SourceDate "2009.07.13"]

1. Nf3 Nf6 2. c4 c5 3. Nc3 g6 4. d4 cxd4 5. Nxd4 Nc6 6. e4 d6 7. Be2 Nxd4 8.
Qxd4 Bg7 9. Be3 O-O 10. Qd2 Be6 11. Rc1 Qa5 12. f3 Rfc8 13. b3 a6 14. Na4 Qxd2+
15. Kxd2 Nd7 16. g4 Rc6 17. h3 f5 18. exf5 gxf5 19. g5 d5 20. cxd5 Bxd5 21.
Rxc6 Bxc6 22. Nb6 Rd8 23. Nxd7 Rxd7+ 24. Kc2 Bd4 25. Bc1 e5 26. Rd1 f4 27. Ba3
b5 28. Kb1 e4 29. fxe4 Bxe4+ 30. Bd3 Be3 31. Kc2 Rxd3 32. Rxd3 f3 33. Kc3 f2
34. Rd8+ Kg7 35. Rf8 Kg6 36. Bd6 Bf5 0-1

[Event "Ch-Paris Int"]
[Site "Coubertin FRA"]
[Date "2009.07.07"]
[Round "4"]
[White "Guilleux, F."]
[Black "Fedorchuk, S."]
[Result "0-1"]
[WhiteElo "2381"]
[BlackElo "2655"]
[PlyCount "67"]
[EventDate "2009.07.04"]
[EventType "swiss"]
[EventRounds "9"]
[EventCountry "FRA"]
[Source "Mark Crowther"]
[SourceDate "2009.07.13"]

1. d4 Nf6 2. c4 e6 3. Nc3 Bb4 4. f3 O-O 5. a3 Bxc3+ 6. bxc3 Nh5 7. Nh3 f5 8.
Bg5 Qe8 9. e4 d6 10. Bd3 e5 11. exf5 exd4+ 12. Kf2 Bxf5 13. Bxf5 Rxf5 14. cxd4
Rf7 15. Re1 Qd7 16. Ra2 Nc6 17. Rae2 Raf8 18. Kg1 d5 19. c5 b6 20. Re6 h6 21.
Qa4 b5 22. Qxb5 Nxd4 23. Qxd7 Rxd7 24. Re7 Rf7 25. Rxd7 Rxd7 26. Bf4 Kf7 27. a4
g5 28. Be5 Re7 29. Kf1 Nc6 30. Bb2 d4 31. Nf2 Nf6 32. g3 Nd7 33. Nd3 Nde5 34.
Ba3 0-1

[Event "Ch-Paris Int"]
[Site "Coubertin FRA"]
[Date "2009.07.08"]
[Round "5"]
[White "Alsina Leal, D."]
[Black "Sochacki, C."]
[Result "1-0"]
[WhiteElo "2529"]
[BlackElo "2274"]
[PlyCount "94"]
[EventDate "2009.07.04"]
[EventType "swiss"]
[EventRounds "9"]
[EventCountry "FRA"]
[Source "Mark Crowther"]
[SourceDate "2009.07.13"]

1. e4 c5 2. Nf3 d6 3. d4 cxd4 4. Nxd4 Nf6 5. Nc3 g6 6. Be3 Bg7 7. f3 O-O 8. Qd2
Nc6 9. O-O-O d5 10. exd5 Nxd5 11. Nxc6 bxc6 12. Bd4 Nxc3 13. Qxc3 Bh6+ 14. Be3
Bxe3+ 15. Qxe3 Qb6 16. Qxe7 Be6 17. Qa3 Rfd8 18. Bd3 Rab8 19. Rhe1 Rd5 20. Qc3
c5 21. b3 Rd4 22. Bc4 Bxc4 23. Rxd4 cxd4 24. Qxc4 Qa5 25. Re2 Qxa2 26. Qxd4
Qa3+ 27. Kb1 a5 28. Re4 Qf8 29. Qe5 Qd8 30. Kb2 Rc8 31. Rd4 Qb6 32. Qd6 Qa7 33.
Qd7 Qc5 34. Rc4 Qe5+ 35. Qd4 Qb8 36. Rxc8+ Qxc8 37. c4 Qb8 38. c5 a4 39. b4
Qxh2 40. Ka3 Qxg2 41. Kxa4 Qa2+ 42. Kb5 Qa8 43. c6 h5 44. c7 Qb7+ 45. Qb6 Qd5+
46. Qc5 Qb7+ 47. Ka5 Qc8 1-0

[Event "Ch-Paris Int"]
[Site "Coubertin FRA"]
[Date "2009.07.08"]
[Round "5"]
[White "David, Alb"]
[Black "Sriram, J."]
[Result "1/2-1/2"]
[WhiteElo "2565"]
[BlackElo "2459"]
[PlyCount "79"]
[EventDate "2009.07.04"]
[EventType "swiss"]
[EventRounds "9"]
[EventCountry "FRA"]
[Source "Mark Crowther"]
[SourceDate "2009.07.13"]

1. e4 e5 2. Nf3 Nc6 3. Bb5 a6 4. Ba4 Nf6 5. O-O Be7 6. Re1 b5 7. Bb3 d6 8. c3
O-O 9. h3 Nb8 10. d4 Nbd7 11. Nbd2 Bb7 12. Bc2 Re8 13. a4 Bf8 14. Bd3 c6 15. b3
g6 16. Ba3 Qc7 17. Qc2 Rac8 18. Rad1 Qb8 19. Bf1 Bg7 20. Bb2 Rcd8 21. b4 d5 22.
Nxe5 Nxe5 23. dxe5 Nxe4 24. Nxe4 dxe4 25. Rxd8 Qxd8 26. c4 Bxe5 27. cxb5 cxb5
28. axb5 Bxb2 29. Qxb2 axb5 30. Bxb5 Re7 31. Qf6 Rd7 32. Qxd8+ Rxd8 33. Rc1 Rd5
34. Bc4 Rd7 35. Ra1 Rd4 36. Ra7 Rxc4 37. Rxb7 Kg7 38. Kf1 Rc2 39. Re7 Rc4 40.
Rb7 1/2-1/2

[Event "Ch-Paris Int"]
[Site "Coubertin FRA"]
[Date "2009.07.08"]
[Round "5"]
[White "Karavade, E."]
[Black "Ider, B."]
[Result "1-0"]
[WhiteElo "2386"]
[BlackElo "2234"]
[PlyCount "79"]
[EventDate "2009.07.04"]
[EventType "swiss"]
[EventRounds "9"]
[EventCountry "FRA"]
[Source "Mark Crowther"]
[SourceDate "2009.07.13"]

1. d4 e6 2. Nf3 Nf6 3. c4 b6 4. g3 Ba6 5. Nbd2 Bb4 6. Qc2 Bb7 7. Bg2 Be4 8. Qd1
Bxd2+ 9. Qxd2 O-O 10. O-O d6 11. b3 Nbd7 12. Bb2 Qe7 13. Qe3 a5 14. a3 c5 15.
Rac1 Rfe8 16. Rfd1 Ra6 17. Bc3 Qf8 18. b4 axb4 19. axb4 Ra3 20. dxc5 bxc5 21.
Qd2 Rb8 22. bxc5 dxc5 23. Ne5 Bxg2 24. Kxg2 Nxe5 25. Bxe5 Rba8 26. Qf4 Qe7 27.
Rb1 Ne8 28. Qe4 R3a7 29. Qc6 h6 30. Rb5 Ra2 31. Rb7 Qg5 32. Bb8 Nf6 33. Rd8+
Kh7 34. Rxf7 R8a6 35. Qb7 Rxe2 36. Qxa6 Ng4 37. Rd3 Qg6 38. Qb7 Kh8 39. Rxg7
Qxd3 40. Rxg4 1-0

[Event "Ch-Paris Int"]
[Site "Coubertin FRA"]
[Date "2009.07.08"]
[Round "5"]
[White "Laurent, Ju"]
[Black "Li, F."]
[Result "1/2-1/2"]
[WhiteElo "2320"]
[BlackElo "2252"]
[PlyCount "147"]
[EventDate "2009.07.04"]
[EventType "swiss"]
[EventRounds "9"]
[EventCountry "FRA"]
[Source "Mark Crowther"]
[SourceDate "2009.07.13"]

1. Nf3 Nf6 2. c4 g6 3. b4 Bg7 4. Bb2 O-O 5. g3 c6 6. Bg2 d5 7. Na3 a5 8. b5
dxc4 9. bxc6 Nxc6 10. Nxc4 Be6 11. Ne3 Qb6 12. Bc3 Nb4 13. a3 Nbd5 14. Bd4 Qa6
15. O-O h6 16. Nxd5 Bxd5 17. d3 b5 18. Qd2 Rfd8 19. Qb2 Rab8 20. Rfc1 Rdc8 21.
e4 Be6 22. Be5 Rxc1+ 23. Rxc1 Rc8 24. Rxc8+ Bxc8 25. Nd4 Bd7 26. Nb3 Qb6 27.
Bd4 Ne8 28. e5 Qd8 29. Bc3 Bf5 30. d4 b4 31. axb4 axb4 32. Bxb4 e6 33. h3 g5
34. Nc5 Qb6 35. Qc3 Bf8 36. Ba5 Qb1+ 37. Kh2 Qa2 38. Qe1 Qc4 39. Qe3 Be7 40.
Nb7 Bg6 41. Bb6 Bf8 42. Bd8 Nc7 43. Nd6 Qc2 44. Ne4 Nd5 45. Nf6+ Nxf6 46. exf6
Bd6 47. Qf3 Kh7 48. Qe3 Qd3 49. Be7 Bc7 50. Qc1 Qc2 51. Qe3 Qd3 52. Bf3 Bb6 53.
Bc5 Bd8 54. h4 Bxf6 55. h5 Bf5 56. g4 Qxe3 57. fxe3 Bd3 58. e4 Kg7 59. Kg2 Bd8
60. Kf2 f6 61. Ke3 Bc2 62. Kd2 Bb1 63. Kc3 Kf7 64. Kc4 Bc2 65. Kb5 Ke8 66. d5
exd5 67. exd5 f5 68. d6 Kd7 69. Bc6+ Ke6 70. gxf5+ Bxf5 71. d7 Bd3+ 72. Kb4 Be2
73. Kc3 Bxh5 74. Bf8 1/2-1/2

[Event "Ch-Paris Int"]
[Site "Coubertin FRA"]
[Date "2009.07.08"]
[Round "5"]
[White "Sethuraman, S."]
[Black "Gomes, Mary"]
[Result "0-1"]
[WhiteElo "2455"]
[BlackElo "2332"]
[PlyCount "85"]
[EventDate "2009.07.04"]
[EventType "swiss"]
[EventRounds "9"]
[EventCountry "FRA"]
[Source "Mark Crowther"]
[SourceDate "2009.07.13"]

1. e4 e6 2. d4 d5 3. Nd2 Nf6 4. e5 Nfd7 5. f4 c5 6. c3 Nc6 7. Ndf3 Qb6 8. a3
cxd4 9. cxd4 Na5 10. Ne2 Qb3 11. Nd2 Qxd1+ 12. Kxd1 Nb6 13. b3 Bd7 14. Bb2 Rc8
15. Rc1 Rxc1+ 16. Nxc1 Be7 17. Nd3 O-O 18. Nc5 Rc8 19. Bd3 Rc7 20. Ke2 Nc6 21.
Rc1 Bc8 22. b4 Nd7 23. Ndb3 a6 24. Bc3 Ncb8 25. a4 b6 26. Bd2 bxc5 27. dxc5 Bb7
28. Na5 Ba8 29. Nb3 f6 30. b5 Nxc5 31. Ba5 Rc8 32. f5 Bb7 33. exf6 gxf6 34.
Nxc5 Rxc5 35. Rxc5 Bxc5 36. Bc7 axb5 37. Bxb8 bxa4 38. fxe6 a3 39. Ba7 Bd6 40.
Bb1 Ba6+ 41. Kd2 Bc4 42. Bd4 Kh8 43. Kd1 0-1

[Event "Ch-Paris Int"]
[Site "Coubertin FRA"]
[Date "2009.07.08"]
[Round "5"]
[White "Van Dongen, P."]
[Black "Rabineau, C."]
[Result "1/2-1/2"]
[WhiteElo "2344"]
[BlackElo "2263"]
[PlyCount "39"]
[EventDate "2009.07.04"]
[EventType "swiss"]
[EventRounds "9"]
[EventCountry "FRA"]
[Source "Mark Crowther"]
[SourceDate "2009.07.13"]

1. Nf3 Nf6 2. c4 g6 3. Nc3 Bg7 4. e4 d6 5. d4 O-O 6. Be2 e5 7. O-O exd4 8. Nxd4
Re8 9. f3 c6 10. Nc2 Na6 11. Kh1 Nc7 12. Bf4 d5 13. exd5 cxd5 14. Bxc7 Qxc7 15.
cxd5 Qb6 16. Qd2 Bf5 17. Nd4 Nxd5 18. Nxf5 Nxc3 19. bxc3 gxf5 20. Bd3 1/2-1/2

[Event "Ch-Paris Int"]
[Site "Coubertin FRA"]
[Date "2009.07.08"]
[Round "5"]
[White "Govciyan, P."]
[Black "Brochet, P."]
[Result "0-1"]
[WhiteElo "2438"]
[BlackElo "2373"]
[PlyCount "70"]
[EventDate "2009.07.04"]
[EventType "swiss"]
[EventRounds "9"]
[EventCountry "FRA"]
[Source "Mark Crowther"]
[SourceDate "2009.07.13"]

1. d4 d5 2. c4 dxc4 3. e3 e5 4. Nf3 exd4 5. exd4 Be6 6. Nc3 Bb4 7. Be3 Nc6 8.
Be2 Nf6 9. O-O Bxc3 10. bxc3 b5 11. a4 a6 12. Bg5 Rb8 13. axb5 axb5 14. Ra6 Ne7
15. Bxf6 gxf6 16. Qc1 Ra8 17. Rxa8 Qxa8 18. Nh4 Qe4 19. Bf3 Qxh4 20. Qa3 Qf4
21. Qa8+ Bc8 22. Bc6+ Kf8 23. Bxb5 Kg7 24. Bxc4 Be6 25. Qa2 Bxc4 26. Qxc4 Rb8
27. g3 Qd6 28. Re1 Rb2 29. Qd3 Ng6 30. Qf3 c6 31. h4 Qd5 32. Qd1 Qf5 33. Rf1 h5
34. c4 Qg4 35. d5 Ne5 0-1

[Event "Ch-Paris Int"]
[Site "Coubertin FRA"]
[Date "2009.07.08"]
[Round "5"]
[White "Aranovitch, E."]
[Black "Zherebukh, Y."]
[Result "1/2-1/2"]
[WhiteElo "2356"]
[BlackElo "2541"]
[PlyCount "68"]
[EventDate "2009.07.04"]
[EventType "swiss"]
[EventRounds "9"]
[EventCountry "FRA"]
[Source "Mark Crowther"]
[SourceDate "2009.07.13"]

1. e4 e5 2. Nf3 Nc6 3. Bb5 a6 4. Ba4 Nf6 5. O-O b5 6. Bb3 Bb7 7. Re1 Bc5 8. c3
d6 9. d4 Bb6 10. a4 O-O 11. Bg5 h6 12. axb5 Nxd4 13. Bxf6 Nxf3+ 14. Qxf3 Qxf6
15. Qxf6 gxf6 16. bxa6 Rxa6 17. Rxa6 Bxa6 18. Nd2 Kg7 19. Nf1 f5 20. exf5 Bd3
21. Ng3 Kf6 22. Bd5 Bxf5 23. Nxf5 Kxf5 24. Ra1 Kg5 25. Ra8 Rxa8 26. Bxa8 f5 27.
Kf1 h5 28. b4 h4 29. h3 Kf4 30. Ke2 e4 31. c4 Ke5 32. b5 Kd4 33. Bd5 f4 34. Bg8
Ke5 1/2-1/2

[Event "Ch-Paris Int"]
[Site "Coubertin FRA"]
[Date "2009.07.08"]
[Round "5"]
[White "Payen, Ar"]
[Black "Strugnell, C."]
[Result "1/2-1/2"]
[WhiteElo "2368"]
[BlackElo "2280"]
[PlyCount "116"]
[EventDate "2009.07.04"]
[EventType "swiss"]
[EventRounds "9"]
[EventCountry "FRA"]
[Source "Mark Crowther"]
[SourceDate "2009.07.13"]

1. d4 Nf6 2. c4 g6 3. Nc3 d5 4. Qa4+ Bd7 5. Qb3 dxc4 6. Qxc4 a6 7. e4 b5 8. Qb3
Nc6 9. d5 Na5 10. Qc2 c6 11. b4 Nb7 12. Bb2 e6 13. O-O-O cxd5 14. exd5 e5 15.
f4 Bh6 16. Kb1 Bxf4 17. g3 Bh6 18. Nf3 Ng4 19. Re1 f6 20. Nd1 Bg7 21. Bd3 O-O
22. h3 Nh6 23. g4 Nf7 24. Ne3 Rc8 25. Qh2 Nbd6 26. Bc2 Nc4 27. Nxc4 Rxc4 28. a3
Nd6 29. g5 Rc8 30. gxf6 Bxf6 31. Nxe5 Rxc2 32. Kxc2 Bf5+ 33. Kb3 Ne4 34. Rd1
Qa8 35. Nc6 Be6 36. Qc2 Bxb2 37. Qxe4 Bf5 38. Ne7+ Kh8 39. Nxf5 gxf5 40. Qe6
Bg7 41. Rhg1 Re8 42. Qd7 Re3+ 43. Kc2 Qf8 44. Qxg7+ Qxg7 45. Rxg7 Kxg7 46. d6
Re8 47. d7 Rd8 48. Rd6 Kf7 49. Kd3 Ke7 50. Rxa6 Rxd7+ 51. Ke3 Rd6 52. Ra7+ Rd7
53. Ra5 Rd5 54. Kf4 Ke6 55. Ra6+ Rd6 56. Ra5 Rd4+ 57. Ke3 Rh4 58. Rxb5 Rxh3+
1/2-1/2

[Event "Ch-Paris Int"]
[Site "Coubertin FRA"]
[Date "2009.07.08"]
[Round "5"]
[White "Rathnakaran, K."]
[Black "Salaun, Y."]
[Result "1/2-1/2"]
[WhiteElo "2428"]
[BlackElo "2329"]
[PlyCount "131"]
[EventDate "2009.07.04"]
[EventType "swiss"]
[EventRounds "9"]
[EventCountry "FRA"]
[Source "Mark Crowther"]
[SourceDate "2009.07.13"]

1. e4 c5 2. Nf3 d6 3. c3 Nf6 4. Bd3 Nc6 5. Bc2 Bg4 6. d3 g6 7. Nbd2 Bg7 8. h3
Bxf3 9. Nxf3 O-O 10. O-O Qc7 11. Be3 Rac8 12. Qd2 Rfd8 13. Rac1 d5 14. exd5
Nxd5 15. Bxc5 Qa5 16. Ba3 Nxc3 17. Bb3 Nb5 18. Qf4 e6 19. Rc5 Qc7 20. Qh4 Nbd4
21. Bd1 Nf5 22. Qe4 Bf8 23. Rc3 Bxa3 24. Rxa3 Qd6 25. g4 Nfe7 26. Be2 Nd5 27.
Rd1 b6 28. d4 Qf4 29. Qxf4 Nxf4 30. Ba6 Rb8 31. Bb5 Nb4 32. Rxa7 Ra8 33. Rxa8
Rxa8 34. a3 Nxh3+ 35. Kg2 Nf4+ 36. Kg3 Nbd5 37. Rc1 Kf8 38. Ne5 g5 39. Kf3 Ke7
40. Rc6 h5 41. gxh5 Rh8 42. Nd3 Nxh5 43. a4 f5 44. b4 g4+ 45. Kg2 g3 46. fxg3
Rg8 47. a5 bxa5 48. bxa5 Nxg3 49. Kf3 Ne4 50. Bc4 Rg3+ 51. Ke2 Ndc3+ 52. Kf1
Nd2+ 53. Kf2 Nce4+ 54. Ke2 Rg2+ 55. Ke3 Nxc4+ 56. Rxc4 Rg3+ 57. Ke2 Rg2+ 58.
Ke3 Ra2 59. Nc5 Nd6 60. Ra4 Rxa4 61. Nxa4 Nc4+ 62. Kf4 Nxa5 63. d5 exd5 64. Nb6
d4 65. Kxf5 Kd6 66. Ke4 1/2-1/2

[Event "Ch-Paris Int"]
[Site "Coubertin FRA"]
[Date "2009.07.08"]
[Round "5"]
[White "Satyapragyan, S."]
[Black "Shchekachev, A."]
[Result "1/2-1/2"]
[WhiteElo "2423"]
[BlackElo "2530"]
[PlyCount "57"]
[EventDate "2009.07.04"]
[EventType "swiss"]
[EventRounds "9"]
[EventCountry "FRA"]
[Source "Mark Crowther"]
[SourceDate "2009.07.13"]

1. e4 c5 2. Nc3 d6 3. Nf3 a6 4. d4 cxd4 5. Nxd4 Nf6 6. Be3 e6 7. Be2 Qc7 8. O-O
b5 9. a4 b4 10. Na2 Bb7 11. c3 b3 12. Nxb3 Nxe4 13. Nd2 Nf6 14. c4 d5 15. Rc1
Nc6 16. Bg5 d4 17. c5 a5 18. Bb5 Be7 19. Bxf6 gxf6 20. Ne4 O-O 21. Nd6 Bxd6 22.
cxd6 Qxd6 23. Qg4+ Kh8 24. Qf3 Rac8 25. Qxf6+ Kg8 26. Qg5+ Kh8 27. Qf6+ Kg8 28.
Qg5+ Kh8 29. Qf6+ 1/2-1/2

[Event "Ch-Paris Int"]
[Site "Coubertin FRA"]
[Date "2009.07.08"]
[Round "5"]
[White "Moussard, J."]
[Black "Vernay, C."]
[Result "1/2-1/2"]
[WhiteElo "2292"]
[BlackElo "2463"]
[PlyCount "79"]
[EventDate "2009.07.04"]
[EventType "swiss"]
[EventRounds "9"]
[EventCountry "FRA"]
[Source "Mark Crowther"]
[SourceDate "2009.07.13"]

1. c4 e5 2. g3 Nf6 3. Bg2 Be7 4. Nf3 Nc6 5. d3 d5 6. cxd5 Nxd5 7. O-O O-O 8.
Nc3 Nb6 9. Be3 Re8 10. Rc1 Bf8 11. a3 Bg4 12. Ne4 Nd4 13. Bxd4 exd4 14. Qc2 c6
15. Rfe1 Qd7 16. Nc5 Bxc5 17. Qxc5 Bxf3 18. Bxf3 Rad8 19. Qa5 Nc8 20. b4 Qd6
21. Qa4 Re5 22. Qb3 Rb5 23. e3 a5 24. Rc4 Qf6 25. Bg4 dxe3 26. Rxe3 Nb6 27.
Rce4 g6 28. Bf3 Rf5 29. bxa5 Nd5 30. Re8+ Kg7 31. Bxd5 Rdxd5 32. Re2 Rb5 33.
Qc4 Rb1+ 34. Kg2 Qa1 35. f4 Rg1+ 36. Kf3 Rf1+ 37. Kg2 Rg1+ 38. Kf3 Qf1+ 39. Ke3
Qa1 40. Kf3 1/2-1/2

[Event "Ch-Paris Int"]
[Site "Coubertin FRA"]
[Date "2009.07.08"]
[Round "5"]
[White "Roser, K."]
[Black "Negi, P."]
[Result "1/2-1/2"]
[WhiteElo "2431"]
[BlackElo "2590"]
[PlyCount "113"]
[EventDate "2009.07.04"]
[EventType "swiss"]
[EventRounds "9"]
[EventCountry "FRA"]
[Source "Mark Crowther"]
[SourceDate "2009.07.13"]

1. e4 c5 2. Nf3 d6 3. d4 cxd4 4. Nxd4 Nf6 5. Nc3 a6 6. Be2 e6 7. f4 Nc6 8. Be3
Be7 9. O-O O-O 10. Kh1 Qc7 11. Qe1 Nxd4 12. Bxd4 b5 13. a3 Bb7 14. Qg3 Rad8 15.
Rae1 Rd7 16. Bd3 Re8 17. Rf3 Bd8 18. f5 e5 19. Be3 Kh8 20. Bg5 h6 21. Bxf6 Bxf6
22. Nd1 d5 23. Nf2 Red8 24. Rfe3 Kh7 25. exd5 Bxd5 26. Ng4 e4 27. Nxf6+ gxf6
28. Bxe4 Bxe4 29. Rxe4 Qxc2 30. h3 Rd1 31. Qf3 R8d3 32. Qh5 Rd7 33. Qf3 Rxe1+
34. Rxe1 Qxb2 35. Qc6 Qd2 36. Re4 h5 37. Re8 Qd1+ 38. Kh2 Qd6+ 39. Qxd6 Rxd6
40. Re7 Kh6 41. h4 Rd4 42. g3 Kg7 43. Re3 Rd2+ 44. Kh3 Rd4 45. Rb3 Kf8 46. Re3
Rc4 47. Kg2 Rc5 48. Rf3 Rc2+ 49. Kh3 Rb2 50. Rc3 a5 51. Rc5 a4 52. Rd5 Ke7 53.
Rd1 Rb3 54. Rd5 Rb1 55. Kh2 Rb3 56. Kg2 Rxa3 57. Rxb5 1/2-1/2

[Event "Ch-Paris Int"]
[Site "Coubertin FRA"]
[Date "2009.07.08"]
[Round "5"]
[White "Sorbe, S."]
[Black "Nesterovsky, A."]
[Result "1/2-1/2"]
[WhiteElo "2365"]
[BlackElo "2271"]
[PlyCount "81"]
[EventDate "2009.07.04"]
[EventType "swiss"]
[EventRounds "9"]
[EventCountry "FRA"]
[Source "Mark Crowther"]
[SourceDate "2009.07.13"]

1. e4 c5 2. Nc3 Nc6 3. g3 g6 4. Bg2 Bg7 5. d3 d6 6. f4 e5 7. Nh3 exf4 8. Bxf4
Nge7 9. Qd2 h6 10. Be3 g5 11. O-O Be6 12. Nd5 Qd7 13. Nf2 Ne5 14. c3 O-O 15. b3
Bxd5 16. exd5 Nf5 17. Nd1 Nxe3 18. Nxe3 f5 19. d4 cxd4 20. cxd4 Ng4 21. Nxg4
fxg4 22. Qd3 Rxf1+ 23. Rxf1 Rf8 24. Qg6 Rxf1+ 25. Bxf1 Qf7 26. Qe4 Qf6 27. Qe8+
Bf8 28. Qe6+ Qxe6 29. dxe6 Bg7 30. d5 Bd4+ 31. Kg2 Kf8 32. Bd3 h5 33. Bg6 h4
34. Bh5 hxg3 35. Kxg3 a5 36. Kxg4 Be3 37. Kf5 Ke7 38. Ke4 Bg1 39. h3 b6 40. Kd3
Bf2 41. Kc4 1/2-1/2

[Event "Ch-Paris Int"]
[Site "Coubertin FRA"]
[Date "2009.07.08"]
[Round "5"]
[White "Fedorchuk, S."]
[Black "Shirazi, K."]
[Result "1-0"]
[WhiteElo "2655"]
[BlackElo "2384"]
[PlyCount "75"]
[EventDate "2009.07.04"]
[EventType "swiss"]
[EventRounds "9"]
[EventCountry "FRA"]
[Source "Mark Crowther"]
[SourceDate "2009.07.13"]

1. e4 e6 2. d4 d5 3. Nd2 c5 4. Ngf3 Nc6 5. exd5 exd5 6. Bb5 Bd6 7. O-O Nge7 8.
dxc5 Bxc5 9. Nb3 Bd6 10. Bg5 O-O 11. Bh4 Qb6 12. Be2 Nf5 13. Qxd5 Be6 14. Qb5
Nxh4 15. Nxh4 Qc7 16. g3 a6 17. Qh5 g6 18. Qh6 Rfe8 19. Rfe1 Bf8 20. Qc1 Nb4
21. Nd4 Qb6 22. c3 Bxa2 23. cxb4 Bxb4 24. Rd1 Bc5 25. Rxa2 Bxd4 26. Qf4 Be5 27.
Qf3 Rac8 28. Ra4 Rc6 29. Re4 Qxb2 30. Bc4 Rf6 31. Qe2 Qc3 32. Re3 Qa5 33. Nf3
Rf5 34. Bd5 Qa4 35. Bb3 Qb4 36. Rd5 Kg7 37. Nxe5 Rc8 38. Qb2 1-0

[Event "Ch-Paris Int"]
[Site "Coubertin FRA"]
[Date "2009.07.09"]
[Round "6"]
[White "Deepan, C."]
[Black "David, Alb"]
[Result "1/2-1/2"]
[WhiteElo "2506"]
[BlackElo "2565"]
[PlyCount "34"]
[EventDate "2009.07.04"]
[EventType "swiss"]
[EventRounds "9"]
[EventCountry "FRA"]
[Source "Mark Crowther"]
[SourceDate "2009.07.13"]

1. d4 Nf6 2. Nf3 g6 3. c3 Bg7 4. h3 O-O 5. Bf4 b6 6. e3 Bb7 7. Nbd2 d6 8. Be2
c5 9. O-O Nbd7 10. a4 a6 11. Bh2 Ra7 12. b4 Qa8 13. Qb3 cxb4 14. cxb4 Bd5 15.
Qb2 Rc8 16. Rfc1 Rac7 17. Rxc7 Rxc7 1/2-1/2

[Event "Ch-Paris Int"]
[Site "Coubertin FRA"]
[Date "2009.07.09"]
[Round "6"]
[White "Sriram, J."]
[Black "Alsina Leal, D."]
[Result "0-1"]
[WhiteElo "2459"]
[BlackElo "2529"]
[PlyCount "72"]
[EventDate "2009.07.04"]
[EventType "swiss"]
[EventRounds "9"]
[EventCountry "FRA"]
[Source "Mark Crowther"]
[SourceDate "2009.07.13"]

1. d4 Nf6 2. c4 c5 3. d5 b5 4. cxb5 a6 5. bxa6 g6 6. Nc3 Bxa6 7. g3 d6 8. Bg2
Bg7 9. Nf3 Nbd7 10. Rb1 Nb6 11. b3 Bb7 12. Nh4 O-O 13. Bb2 c4 14. O-O Qd7 15.
e4 Rfc8 16. Qd2 Qd8 17. b4 Na4 18. Nxa4 Rxa4 19. Bc3 Rca8 20. Rb2 Ra3 21. Rc1
Qd7 22. Rcc2 e6 23. Rb1 exd5 24. exd5 Qa4 25. Qc1 Qe8 26. Bb2 Rxa2 27. Rxc4 Qb5
28. Rc7 Re8 29. Bxf6 Bxf6 30. Qf4 Kg7 31. Qxd6 Be5 32. Rxb7 Qxb7 33. Qc6 Qb8
34. Nf3 Rc8 35. Qd7 Qb6 36. Rf1 Rc1 0-1

[Event "Ch-Paris Int"]
[Site "Coubertin FRA"]
[Date "2009.07.09"]
[Round "6"]
[White "Gomes, Mary"]
[Black "Fedorchuk, S."]
[Result "0-1"]
[WhiteElo "2332"]
[BlackElo "2655"]
[PlyCount "130"]
[EventDate "2009.07.04"]
[EventType "swiss"]
[EventRounds "9"]
[EventCountry "FRA"]
[Source "Mark Crowther"]
[SourceDate "2009.07.13"]

1. Nf3 Nf6 2. c4 b6 3. g3 Bb7 4. Bg2 e6 5. O-O Be7 6. b3 O-O 7. Bb2 d5 8. d4
dxc4 9. bxc4 c5 10. e3 cxd4 11. exd4 Nc6 12. Ne5 Nxe5 13. Bxb7 Nxc4 14. Bxa8
Nxb2 15. Qd2 Nc4 16. Qc3 Nd6 17. Bc6 Nf5 18. Nd2 Nxd4 19. Bf3 a5 20. Nb3 Nxf3+
21. Qxf3 a4 22. Rfd1 Qa8 23. Qxa8 Rxa8 24. Nd2 Nd5 25. Rac1 b5 26. Nb1 b4 27.
Rc4 g6 28. Rdd4 Kg7 29. Kf1 Rb8 30. Rd3 a3 31. Rb3 Rd8 32. Ke2 g5 33. Rd3 h5
34. Kd2 b3 35. Rxb3 Nb6+ 36. Kc3 Bf6+ 37. Kb4 Be7+ 38. Kc3 Nxc4 39. Kxc4 Rd1
40. Nxa3 Rd2 41. Nb1 Rxa2 42. f3 Rxh2 43. Nc3 f5 44. Nb5 h4 45. gxh4 Rxh4+ 46.
Kd3 Kf6 47. Rc3 Ke5 48. Rc7 Bd6 49. Rc6 Rb4 50. Nc3 Rb2 51. Nd1 Rb3+ 52. Ke2
Rb5 53. Ne3 Bc5 54. Nc2 Kd5 55. Rc8 Rb2 56. Kd3 Rb3+ 57. Ke2 Rc3 58. Ne1 Re3+
59. Kd2 Ra3 60. Nd3 Bb6 61. Nb4+ Ke5 62. Nd3+ Kd4 63. Nc1 Rxf3 64. Rc6 Ba5+ 65.
Kd1 Kd5 0-1

[Event "Ch-Paris Int"]
[Site "Coubertin FRA"]
[Date "2009.07.09"]
[Round "6"]
[White "Zherebukh, Y."]
[Black "Roser, K."]
[Result "1-0"]
[WhiteElo "2541"]
[BlackElo "2431"]
[PlyCount "47"]
[EventDate "2009.07.04"]
[EventType "swiss"]
[EventRounds "9"]
[EventCountry "FRA"]
[Source "Mark Crowther"]
[SourceDate "2009.07.13"]

1. d4 Nf6 2. c4 e6 3. Nc3 Bb4 4. f3 O-O 5. a3 Bxc3+ 6. bxc3 Ne8 7. e4 b6 8. Bd3
c5 9. f4 Nc6 10. Nf3 Ba6 11. Be3 Na5 12. Qe2 Rc8 13. d5 f5 14. e5 d6 15. Ng5
Nc7 16. g4 dxe5 17. fxe5 exd5 18. gxf5 Qe8 19. f6 gxf6 20. Nxh7 Qxe5 21. Qg4+
Kf7 22. Qd7+ Qe7 23. Ng5+ fxg5 24. O-O+ 1-0